| 000 | 00429nam a2200157Ia 4500 | ||
|---|---|---|---|
| 008 | 160316s1998 xxu||||| |||| 00| 0 eng d | ||
| 082 |
_a646.750000 _bSCH |
||
| 100 | _aSchwarzenegger Arnold | ||
| 245 | _aEncyclopedia of modern bodybuilding | ||
| 250 | _a | ||
| 260 |
_aNew York _bSimon and Schuster _c1998 |
||
| 300 |
_a800p _b _cxxi |
||
| 365 | _b Rs. 899 | ||
| 650 | _a1. Bodybuilding 2. Exercise | ||
| 700 |
_aDobbins Bill _a |
||
| 999 |
_c33958 _d33958 |
||